人口が減少している国 - サドンデス - Statistics

General Stats
  • This quiz has been taken 97 times
  • The average score is 6 of 15
Answers on the Grid
Answers color-coded by a green-red scale on the quiz's grid according to % correct below.
ウクライナ
日本
中国
ロシア
イタリア
ギリシャ
ルーマニア
セルビア
キューバ
ハンガリー
クロアチア
韓国
ラトビア
ウルグアイ
マーシャル諸島
ウガンダ
ウズベキスタン
オーストラリア
フランス
オランダ
 
Answer Stats
Answer % Correct
- 1,904,138人 日本
82%
- 66,407人 韓国
71%
- 879,205人 ロシア
60%
- 1,174,898人 中国
58%
- 6,811,459人 ウクライナ
57%
- 477,537人 イタリア
52%
- 85,415人 ハンガリー
36%
- 67,326人 クロアチア
34%
- 365,984人 ギリシャ
29%
- 283,923人 ルーマニア
29%
- 3,889人 マーシャル諸島
29%
- 23,001人 ラトビア
27%
- 151,055人 セルビア
25%
- 149,475人 キューバ
25%
- 9,009人 ウルグアイ
13%
No matching quizzes found
Score Distribution
Percent of People with Each Score
Percentile by Number Answered
Your Score History
You have not taken this quiz